| 000 | 009990000a22001810004500 | ||
|---|---|---|---|
| 020 | _a0-8054-5386-5 | ||
| 041 | 0 | _aEng. | |
| 082 | 0 | 4 | _aG 242.643 P9692p |
| 245 | 1 | 0 | _aProverbs for busy women : devotions to strengthen your walk with God / Mary C. Busha, ed. ; Contributors include Barbara Johnson and Evelyn Christenson |
| 260 | _aNashville: Broadman and Holman | ||
| 300 | _a120 p. | ||
| 505 | 0 | 0 | _a1. Devotions to refresh you in your work / Devocionales para refrescarla en su trabajo -- 2. Devotions to build up your relationships / Devocionales para edificarla en sus relaciones.-- 3. Devotions to strengthen your walk with God. / Devocionales para fortalecer su caminar con el Señor. |
| 520 | _a31 lecturas y oraciones de cinco minutos del libro de Proverbios, diseñadas para mujeres ocupadas. | ||
| 650 | 1 | 4 | _aDEVOCIONARIOS \ BIBLIA - A.T. - PROVERBIOS - MEDITACIONES \ MUJERES - ORACIONES Y DEVOCIONES \ VIDA CRISTIANA |
| 700 | 1 | _aBusha, Mary C. ed. | |
| 001 | 17651 | ||
| 942 | _cBK | ||
| 999 |
_c44301 _d44301 |
||